| 000 | 00636nam a22001817a 4500 | ||
|---|---|---|---|
| 999 |
_c17350 _d17350 |
||
| 003 | AR-CdUCM | ||
| 008 | 190508b ||||| |||| 00| 0 spa d | ||
| 040 |
_aMUNICIPALIDAD PROVINCIAL DEL CUSCO _cBIBLIOTECA MUNICIPAL DEL CUSCO |
||
| 082 |
_a869.56 / _bSA26 |
||
| 100 |
_aSarmiento, Victor. _937320 |
||
| 245 |
_aApocalipsis Mochica Chimu : _bY otros cuentos / |
||
| 260 |
_aLima : _bGrafotécnia, |
||
| 300 |
_a125 páginas ; _c19 cm. |
||
| 505 | _aContenido :El apocalipsis Mochica Chimu -- Los cuentos del Dor -- El buscador -- El espejo azul .. | ||
| 650 |
_aApocalipsis. _937321 |
||
| 942 |
_2ddc _cLIBROS |
||
| 945 |
_arum _d2019-05-08 |
||